000 004620000a22001450004500
020 _a958-683-368-2
041 0 _aSPA
082 0 4 _aG 986.102 M655e
100 1 _aMillán de Benavides, Carmen
245 1 0 _aEpítome de la conquista del Nuevo Reino de Granada : La cosmografía española del siglo XVI y el conocimiento por cuestionario / Carmen Millán de Benavides
260 _aBogotá, Colombia : Colonia
300 _a139 Pag
001 11675
942 _cBK
999 _c40877
_d40877